| 000 | 00810nam a22002057a 4500 | ||
|---|---|---|---|
| 005 | 20240328115802.0 | ||
| 010 | _aHIN-127226 | ||
| 020 |
_a9788195124145 _c175.00 |
||
| 035 | _aHN-99572 | ||
| 037 | _bDBAD/PUB. | ||
| 082 | _aक | ||
| 100 |
_aत्रिवेणी सिंह _964042 |
||
| 245 |
_aअदृश्य जाल/ _cत्रिवेणी सिंह और अमित दुबे |
||
| 250 | _a1 | ||
| 260 |
_a दिल्ली _bअनबाउंड स्क्रिप्ट _c2021 |
||
| 270 |
_aएच-604 प्लाट न 49 इंद्रप्रस्थ एक्सटेंशन _bदिल्ली _e110092 |
||
| 300 |
_a96पृ; _c20 सेमी (अजिल्द) |
||
| 700 | _963915 | ||
| 942 |
_adpl _cHN _2ddc _hक _mत्रिवेणी |
||
| 999 |
_c201830 _d201830 |
||